La riqueza de las ideas. Una historia del pensamiento económico
Guardat en:
| Autor principal: | |
|---|---|
| Format: | Llibre |
| Idioma: | espanyol |
| Publicat: |
Zaragoza
Prensa Universitarias de Zaragoza
2006
|
| Edició: | 1a. ed |
| Col·lecció: | Ciencias Sociales, 57
|
| Matèries: | |
| Etiquetes: |
Afegir etiqueta
Sense etiquetes, Sigues el primer a etiquetar aquest registre!
|
MARC
| LEADER | 00000nam a2200000 a 4500 | ||
|---|---|---|---|
| 001 | UCI4085 | ||
| 003 | CL-VaPUC | ||
| 008 | 071221e20060000SP |||||||||||||||||spa|d | ||
| 020 | |a 8477338477 | ||
| 082 | 0 | 4 | |a 330.8 |b RON |2 21 |
| 100 | 0 | |a Roncaglia, Alessandro |e author |9 525754 | |
| 245 | 1 | 3 | |a La riqueza de las ideas. Una historia del pensamiento económico |
| 250 | |a 1a. ed | ||
| 300 | |a 778 p | ||
| 942 | |c BK | ||
| 945 | |d 20071221 00:00:00 |a rbrito | ||
| 260 | |a Zaragoza |b Prensa Universitarias de Zaragoza |c 2006 | ||
| 650 | 0 | |a Historia de la economía |9 339571 | |
| 650 | 0 | |a Economía política |9 255814 | |
| 650 | 7 | |a MARXISMO |2 CL-VaPUC |9 525755 | |
| 650 | 0 | |a Capitalismo |9 255255 | |
| 650 | 0 | |a Microeconomía |9 258126 | |
| 650 | 0 | |a Macroeconomía |9 260301 | |
| 583 | |a last modification |c 20111004 10:48:49 |k Rodrigo Vera | ||
| 490 | 0 | |a Ciencias Sociales, 57 | |
| 999 | |c 328080 |d 328078 | ||
| 952 | |0 0 |1 0 |4 0 |6 330_800000000000000_RON_2006 |7 0 |8 A |9 411810 |a BIBHIS |b BIBHIS |d 2019-11-22 |i 4398041 |o 330.8 RON 2006 |p 4398041 |r 2025-01-20 |w 2019-11-22 |y BK |k HIS | ||